[Event "European Chess Club Cup 2023"]
[Site "Durres, Albania"]
[Date "2023.10.06"]
[Round "6.26"]
[White "Rodshtein, Maxim"]
[Black "Vallejo Pons, Francisco"]
[Result "1/2-1/2"]
[TimeControl "90' + 30' & 30\""]
[WhiteElo "2584"]
[BlackElo "2680"]

1. d4 {[%clk 01:30:55]} {[%emt 00:00:04]} d5 {[%clk 01:30:47]} {[%emt
00:00:13]} 2. Nf3 {[%clk 01:31:05]} {[%emt 00:00:21]} Nf6 {[%clk 01:31:03]}
{[%emt 00:00:14]} 3. c4 {[%clk 01:31:11]} {[%emt 00:00:24]} c6 {[%clk
01:31:26]} {[%emt 00:00:07]} 4. g3 {[%clk 01:30:36]} {[%emt 00:01:05]} Bg4
{[%clk 01:30:21]} {[%emt 00:01:35]} 5. Bg2 {[%clk 01:27:48]} {[%emt 00:03:18]}
e6 {[%clk 01:30:28]} {[%emt 00:00:23]} 6. O-O {[%clk 01:27:52]} {[%emt
00:00:26]} Nbd7 {[%clk 01:30:20]} {[%emt 00:00:37]} 7. h3 {[%clk 01:27:27]}
{[%emt 00:00:56]} Bf5 {[%clk 01:30:07]} {[%emt 00:00:43]} 8. Nc3 {[%clk
01:27:13]} {[%emt 00:00:44]} Be7 {[%clk 01:29:00]} {[%emt 00:01:37]} 9. Nh4
{[%clk 01:19:40]} {[%emt 00:08:02]} Be4 {[%clk 01:28:20]} {[%emt 00:01:10]} 10.
Bxe4 {[%clk 01:19:43]} {[%emt 00:00:28]} Nxe4 {[%clk 01:28:26]} {[%emt
00:00:24]} 11. Nxe4 {[%clk 01:20:08]} {[%emt 00:00:06]} dxe4 {[%clk 01:28:46]}
{[%emt 00:00:08]} 12. Ng2 {[%clk 01:20:34]} {[%emt 00:00:05]} Nf6 {[%clk
01:20:39]} {[%emt 00:08:37]} 13. Be3 {[%clk 01:08:26]} {[%emt 00:12:38]} O-O
{[%clk 01:19:32]} {[%emt 00:01:36]} 14. Qc2 {[%clk 01:06:31]} {[%emt 00:02:25]}
h6 {[%clk 01:17:09]} {[%emt 00:02:53]} 15. Rad1 {[%clk 01:05:06]} {[%emt
00:01:56]} b5 {[%clk 01:09:11]} {[%emt 00:08:27]} 16. b3 {[%clk 01:01:52]}
{[%emt 00:03:44]} Qc8 {[%clk 00:56:24]} {[%emt 00:13:17]} 17. g4 {[%clk
00:31:22]} {[%emt 00:31:01]} bxc4 {[%clk 00:45:39]} {[%emt 00:11:15]} 18. bxc4
{[%clk 00:31:42]} {[%emt 00:00:10]} Rd8 {[%clk 00:43:15]} {[%emt 00:02:54]} 19.
Qa4 {[%clk 00:26:25]} {[%emt 00:05:47]} Nh7 {[%clk 00:34:31]} {[%emt 00:09:14]}
20. Qc2 {[%clk 00:23:00]} {[%emt 00:03:55]} Nf6 {[%clk 00:34:04]} {[%emt
00:00:56]} 21. Qa4 {[%clk 00:23:13]} {[%emt 00:00:17]} Nh7 {[%clk 00:33:06]}
{[%emt 00:01:29]} 22. Qc2 {[%clk 00:23:08]} {[%emt 00:00:34]} f5 {[%clk
00:32:33]} {[%emt 00:01:03]} 23. f3 {[%clk 00:21:57]} {[%emt 00:01:42]} exf3
{[%clk 00:32:29]} {[%emt 00:00:34]} 24. exf3 {[%clk 00:21:52]} {[%emt
00:00:34]} Ng5 {[%clk 00:31:20]} {[%emt 00:01:40]} 25. Nf4 {[%clk 00:20:34]}
{[%emt 00:01:49]} Bd6 {[%clk 00:27:36]} {[%emt 00:04:13]} 26. Kg2 {[%clk
00:19:51]} {[%emt 00:01:13]} Rb8 {[%clk 00:25:01]} {[%emt 00:03:05]} 27. Nd3
{[%clk 00:17:48]} {[%emt 00:02:31]} Rb7 {[%clk 00:23:08]} {[%emt 00:02:25]} 28.
Qe2 {[%clk 00:16:30]} {[%emt 00:01:48]} Nf7 {[%clk 00:21:08]} {[%emt 00:02:30]}
29. Rfe1 {[%clk 00:13:03]} {[%emt 00:03:57]} Re7 {[%clk 00:17:03]} {[%emt
00:04:34]} 30. Bf4 {[%clk 00:12:20]} {[%emt 00:01:14]} fxg4 {[%clk 00:17:16]}
{[%emt 00:00:17]} 1/2-1/2

[Event "European Chess Club Cup 2023"]
[Site "Durres, Albania"]
[Date "2023.10.06"]
[Round "6.27"]
[White "Bluebaum, Matthias"]
[Black "Zanan, Evgeny"]
[Result "1-0"]
[TimeControl "90' + 30' & 30\""]
[WhiteElo "2668"]
[BlackElo "2465"]

1. d4 {[%clk 01:30:56]} {[%emt 00:00:03]} Nf6 {[%clk 01:30:47]} {[%emt
00:00:14]} 2. Nf3 {[%clk 01:31:20]} {[%emt 00:00:06]} d5 {[%clk 01:30:57]}
{[%emt 00:00:21]} 3. e3 {[%clk 01:31:29]} {[%emt 00:00:20]} e6 {[%clk
01:30:29]} {[%emt 00:00:59]} 4. Bd3 {[%clk 01:31:43]} {[%emt 00:00:15]} b6
{[%clk 01:29:13]} {[%emt 00:01:47]} 5. O-O {[%clk 01:31:21]} {[%emt 00:00:51]}
Bb7 {[%clk 01:29:15]} {[%emt 00:00:28]} 6. b3 {[%clk 01:31:33]} {[%emt
00:00:18]} Nbd7 {[%clk 01:28:29]} {[%emt 00:01:16]} 7. Bb2 {[%clk 01:30:42]}
{[%emt 00:01:21]} Bd6 {[%clk 01:16:05]} {[%emt 00:12:54]} 8. Nbd2 {[%clk
01:30:25]} {[%emt 00:00:47]} Ne4 {[%clk 01:14:44]} {[%emt 00:01:51]} 9. c4
{[%clk 01:28:18]} {[%emt 00:02:37]} O-O {[%clk 01:13:20]} {[%emt 00:01:54]} 10.
Rc1 {[%clk 01:28:41]} {[%emt 00:00:07]} Qe7 {[%clk 01:09:20]} {[%emt 00:04:29]}
11. b4 {[%clk 01:28:22]} {[%emt 00:00:50]} Nxd2 {[%clk 01:03:23]} {[%emt
00:06:28]} 12. Nxd2 {[%clk 01:28:47]} {[%emt 00:00:04]} dxc4 {[%clk 00:51:07]}
{[%emt 00:12:47]} 13. Nxc4 {[%clk 01:29:02]} {[%emt 00:00:15]} Nf6 {[%clk
00:50:55]} {[%emt 00:00:42]} 14. a3 {[%clk 01:24:32]} {[%emt 00:05:00]} Be4
{[%clk 00:39:57]} {[%emt 00:11:27]} 15. f3 {[%clk 01:10:05]} {[%emt 00:14:57]}
Bxd3 {[%clk 00:37:48]} {[%emt 00:02:38]} 16. Qxd3 {[%clk 01:10:33]} {[%emt
00:00:02]} Rfd8 {[%clk 00:34:08]} {[%emt 00:04:11]} 17. Qe2 {[%clk 01:08:56]}
{[%emt 00:02:07]} Rac8 {[%clk 00:27:43]} {[%emt 00:06:54]} 18. e4 {[%clk
01:01:29]} {[%emt 00:07:57]} Bf4 {[%clk 00:27:59]} {[%emt 00:00:14]} 19. Rcd1
{[%clk 01:00:43]} {[%emt 00:01:17]} c6 {[%clk 00:24:26]} {[%emt 00:04:03]} 20.
Bc3 {[%clk 00:52:22]} {[%emt 00:08:52]} b5 {[%clk 00:20:29]} {[%emt 00:04:26]}
21. Na5 {[%clk 00:49:24]} {[%emt 00:03:28]} Bc7 {[%clk 00:17:34]} {[%emt
00:03:25]} 22. Nb3 {[%clk 00:46:55]} {[%emt 00:02:59]} e5 {[%clk 00:17:44]}
{[%emt 00:00:21]} 23. dxe5 {[%clk 00:44:10]} {[%emt 00:03:15]} Bxe5 {[%clk
00:17:36]} {[%emt 00:00:37]} 24. Qb2 {[%clk 00:44:33]} {[%emt 00:00:08]} Bxc3
{[%clk 00:16:22]} {[%emt 00:01:43]} 25. Qxc3 {[%clk 00:45:00]} {[%emt
00:00:04]} Nd7 {[%clk 00:16:39]} {[%emt 00:00:12]} 26. Nd4 {[%clk 00:39:34]}
{[%emt 00:05:55]} Qf6 {[%clk 00:13:50]} {[%emt 00:03:19]} 27. f4 {[%clk
00:36:01]} {[%emt 00:04:04]} c5 {[%clk 00:10:55]} {[%emt 00:03:24]} 28. Nxb5
{[%clk 00:32:56]} {[%emt 00:03:36]} Qb6 {[%clk 00:02:50]} {[%emt 00:08:35]} 29.
Nd6 {[%clk 00:33:02]} {[%emt 00:00:24]} cxb4+ {[%clk 00:03:05]} {[%emt
00:00:15]} 30. Qd4 {[%clk 00:33:31]} {[%emt 00:00:01]} Qxd4+ {[%clk 00:02:09]}
{[%emt 00:01:26]} 31. Rxd4 {[%clk 00:34:00]} {[%emt 00:00:02]} Nc5 {[%clk
00:02:31]} {[%emt 00:00:08]} 32. Rc4 {[%clk 00:19:30]} {[%emt 00:14:59]} Rb8
{[%clk 00:02:46]} {[%emt 00:00:15]} 33. e5 {[%clk 00:14:29]} {[%emt 00:05:31]}
Na6 {[%clk 00:02:12]} {[%emt 00:01:04]} 34. axb4 {[%clk 00:14:54]} {[%emt
00:00:05]} Rxb4 {[%clk 00:01:46]} {[%emt 00:00:56]} 35. Ra1 {[%clk 00:14:37]}
{[%emt 00:00:47]} Rxc4 {[%clk 00:01:34]} {[%emt 00:00:42]} 36. Nxc4 {[%clk
00:15:06]} {[%emt 00:00:01]} Nc5 {[%clk 00:00:45]} {[%emt 00:01:19]} 37. Rxa7
{[%clk 00:15:28]} {[%emt 00:00:08]} Rd1+ {[%clk 00:00:49]} {[%emt 00:00:27]} 38.
Kf2 {[%clk 00:15:56]} {[%emt 00:00:01]} h5 {[%clk 00:00:38]} {[%emt 00:00:41]}
39. Nd6 {[%clk 00:13:54]} {[%emt 00:02:33]} Rd4 {[%clk 00:00:34]} {[%emt
00:00:34]} 40. Ke3 {[%clk 00:13:19]} {[%emt 00:01:05]} Rd3+ {[%clk 00:00:57]}
{[%emt 00:00:06]} 41. Ke2 {[%clk 00:13:46]} {[%emt 00:00:03]} f6 {[%clk
00:20:28]} {[%emt 00:11:00]} 42. Ra8+ {[%clk 00:40:58]} {[%emt 00:03:18]} Kh7
{[%clk 00:18:11]} {[%emt 00:02:47]} 43. Ne4 {[%clk 00:41:11]} {[%emt 00:00:16]}
Rd5 {[%clk 00:11:36]} {[%emt 00:07:05]} 44. exf6 {[%clk 00:40:34]} {[%emt
00:01:07]} Kg6 {[%clk 00:07:50]} {[%emt 00:04:16]} 45. fxg7 {[%clk 00:39:39]}
{[%emt 00:01:26]} Kxg7 {[%clk 00:08:14]} {[%emt 00:00:05]} 46. Nxc5 {[%clk
00:39:49]} {[%emt 00:00:20]} Rxc5 {[%clk 00:08:39]} {[%emt 00:00:04]} 47. Ra3
{[%clk 00:39:55]} {[%emt 00:00:24]} Kg6 {[%clk 00:07:43]} {[%emt 00:01:27]} 48.
Kf3 {[%clk 00:40:21]} {[%emt 00:00:04]} Kf5 {[%clk 00:08:07]} {[%emt 00:00:06]}
49. g3 {[%clk 00:39:48]} {[%emt 00:01:04]} Rc1 {[%clk 00:07:55]} {[%emt
00:00:42]} 50. h3 {[%clk 00:38:54]} {[%emt 00:01:23]} Rf1+ {[%clk 00:07:52]}
{[%emt 00:00:33]} 51. Kg2 {[%clk 00:39:23]} Rb1 {[%clk 00:08:12]} {[%emt
00:00:10]} 52. Ra5+ {[%clk 00:39:41]} {[%emt 00:00:12]} Ke4 {[%clk 00:08:33]}
{[%emt 00:00:09]} 53. Re5+ {[%clk 00:40:07]} {[%emt 00:00:04]} 1-0

[Event "European Chess Club Cup 2023"]
[Site "Durres, Albania"]
[Date "2023.10.06"]
[Round "6.28"]
[White "Bronstein, Or"]
[Black "Cheparinov, Ivan"]
[Result "1/2-1/2"]
[TimeControl "90' + 30' & 30\""]
[WhiteElo "2433"]
[BlackElo "2658"]

1. d4 {[%clk 01:30:57]} {[%emt 00:00:02]} Nf6 {[%clk 01:29:37]} {[%emt
00:01:23]} 2. c4 {[%clk 01:31:21]} {[%emt 00:00:07]} e6 {[%clk 01:30:02]}
{[%emt 00:00:04]} 3. Nf3 {[%clk 01:31:04]} {[%emt 00:00:47]} h6 {[%clk
01:30:20]} {[%emt 00:00:13]} 4. g3 {[%clk 01:28:23]} {[%emt 00:03:10]} Bb4+
{[%clk 01:29:42]} {[%emt 00:01:07]} 5. Nbd2 {[%clk 01:23:06]} {[%emt 00:05:48]}
O-O {[%clk 01:27:50]} {[%emt 00:02:22]} 6. Bg2 {[%clk 01:23:17]} {[%emt
00:00:20]} d5 {[%clk 01:28:13]} {[%emt 00:00:07]} 7. O-O {[%clk 01:22:59]}
{[%emt 00:00:48]} b6 {[%clk 01:28:36]} {[%emt 00:00:07]} 8. Qc2 {[%clk
01:13:38]} {[%emt 00:09:51]} Bb7 {[%clk 01:27:18]} {[%emt 00:01:47]} 9. Rd1
{[%clk 01:06:47]} {[%emt 00:07:21]} Nbd7 {[%clk 01:25:46]} {[%emt 00:02:01]} 10.
Ne5 {[%clk 01:06:08]} {[%emt 00:01:10]} c5 {[%clk 01:24:48]} {[%emt 00:01:27]}
11. cxd5 {[%clk 00:59:46]} {[%emt 00:06:53]} exd5 {[%clk 01:25:01]} {[%emt
00:00:17]} 12. Ndf3 {[%clk 00:51:55]} {[%emt 00:08:21]} cxd4 {[%clk 01:24:36]}
{[%emt 00:00:55]} 13. Bf4 {[%clk 00:43:19]} {[%emt 00:09:07]} Re8 {[%clk
01:13:49]} {[%emt 00:11:16]} 14. Bh3 {[%clk 00:35:35]} {[%emt 00:08:14]} Nxe5
{[%clk 01:08:20]} {[%emt 00:05:59]} 15. Bxe5 {[%clk 00:35:43]} {[%emt
00:00:22]} Ne4 {[%clk 01:06:08]} {[%emt 00:02:41]} 16. Bxd4 {[%clk 00:28:53]}
{[%emt 00:07:21]} Bc5 {[%clk 01:03:40]} {[%emt 00:02:58]} 17. Rac1 {[%clk
00:23:56]} {[%emt 00:05:28]} Qe7 {[%clk 01:03:21]} {[%emt 00:00:48]} 18. Bg2
{[%clk 00:19:45]} {[%emt 00:04:42]} Rac8 {[%clk 00:59:21]} {[%emt 00:04:28]} 19.
Qa4 {[%clk 00:19:26]} {[%emt 00:00:51]} Bc6 {[%clk 00:54:04]} {[%emt 00:05:46]}
20. Qb3 {[%clk 00:18:56]} {[%emt 00:00:59]} Qd7 {[%clk 00:53:09]} {[%emt
00:01:26]} 21. Re1 {[%clk 00:13:50]} {[%emt 00:05:37]} Ba4 {[%clk 00:48:40]}
{[%emt 00:04:58]} 22. Bh3 {[%clk 00:13:27]} {[%emt 00:00:54]} Qxh3 {[%clk
00:45:52]} {[%emt 00:03:18]} 23. Qxa4 {[%clk 00:13:52]} {[%emt 00:00:04]} Qf5
{[%clk 00:43:25]} {[%emt 00:02:57]} 24. Rcd1 {[%clk 00:11:56]} {[%emt
00:02:26]} a5 {[%clk 00:35:03]} {[%emt 00:08:51]} 25. a3 {[%clk 00:11:01]}
{[%emt 00:01:27]} Re7 {[%clk 00:32:11]} {[%emt 00:03:22]} 26. Qb3 {[%clk
00:07:17]} {[%emt 00:04:13]} Rd8 {[%clk 00:27:59]} {[%emt 00:04:42]} 27. Rd3
{[%clk 00:04:40]} {[%emt 00:03:07]} Rd6 {[%clk 00:23:18]} {[%emt 00:05:10]} 28.
Kg2 {[%clk 00:03:05]} {[%emt 00:02:07]} Bxd4 {[%clk 00:18:40]} {[%emt
00:05:08]} 29. Rxd4 {[%clk 00:03:33]} {[%emt 00:00:01]} g5 {[%clk 00:18:52]}
{[%emt 00:00:18]} 30. Rf1 {[%clk 00:03:13]} {[%emt 00:00:50]} Nc5 {[%clk
00:17:54]} {[%emt 00:01:28]} 31. Qd1 {[%clk 00:02:33]} {[%emt 00:01:10]} Ne6
{[%clk 00:17:17]} {[%emt 00:01:07]} 32. e4 {[%clk 00:01:33]} {[%emt 00:01:30]}
Qg6 {[%clk 00:16:00]} {[%emt 00:01:47]} 33. Rxd5 {[%clk 00:01:32]} {[%emt
00:00:32]} Red7 {[%clk 00:09:20]} {[%emt 00:07:09]} 34. Re1 {[%clk 00:01:15]}
{[%emt 00:00:47]} Qf6 {[%clk 00:09:04]} {[%emt 00:00:47]} 35. Rxd6 {[%clk
00:00:34]} {[%emt 00:01:11]} Rxd6 {[%clk 00:09:33]} 36. Qe2 {[%clk 00:00:35]}
{[%emt 00:00:30]} Nd4 {[%clk 00:03:20]} {[%emt 00:06:42]} 37. Nxd4 {[%clk
00:01:03]} {[%emt 00:00:01]} Qxd4 {[%clk 00:03:44]} {[%emt 00:00:06]} 38. Rc1
{[%clk 00:00:38]} {[%emt 00:00:55]} Kg7 {[%clk 00:03:43]} {[%emt 00:00:31]} 39.
h3 {[%clk 00:00:52]} {[%emt 00:00:17]} Qd2 {[%clk 00:03:43]} {[%emt 00:00:30]}
40. Rc2 {[%clk 00:01:04]} {[%emt 00:00:18]} Qxe2 {[%clk 00:04:03]} {[%emt
00:00:09]} 41. Rxe2 {[%clk 00:01:32]} {[%emt 00:00:02]} Rd3 {[%clk 00:04:06]}
{[%emt 00:00:27]} 42. Rc2 {[%clk 00:24:01]} {[%emt 00:08:02]} Rb3 {[%clk
00:34:05]} {[%emt 00:00:30]} 43. e5 {[%clk 00:16:50]} {[%emt 00:07:42]} h5
{[%clk 00:30:47]} {[%emt 00:03:47]} 44. Re2 {[%clk 00:16:57]} {[%emt 00:00:23]}
b5 {[%clk 00:27:49]} {[%emt 00:03:27]} 45. g4 {[%clk 00:13:30]} {[%emt
00:03:58]} hxg4 {[%clk 00:27:00]} {[%emt 00:01:19]} 46. hxg4 {[%clk 00:13:59]}
{[%emt 00:00:02]} a4 {[%clk 00:27:20]} {[%emt 00:00:09]} 47. Rc2 {[%clk
00:13:16]} {[%emt 00:01:13]} Kf8 {[%clk 00:27:05]} {[%emt 00:00:46]} 48. Re2
{[%clk 00:08:03]} {[%emt 00:05:41]} 1/2-1/2

[Event "European Chess Club Cup 2023"]
[Site "Durres, Albania"]
[Date "2023.10.06"]
[Round "6.29"]
[White "Santos Latasa, Jaime"]
[Black "Sokolovsky, Yahli"]
[Result "1/2-1/2"]
[TimeControl "90' + 30' & 30\""]
[WhiteElo "2650"]
[BlackElo "2447"]

1. e4 {[%clk 01:30:52]} {[%emt 00:00:07]} e5 {[%clk 01:30:55]} {[%emt
00:00:05]} 2. Nf3 {[%clk 01:31:18]} {[%emt 00:00:04]} Nc6 {[%clk 01:31:21]}
{[%emt 00:00:05]} 3. Bc4 {[%clk 01:31:31]} {[%emt 00:00:17]} Bc5 {[%clk
01:31:43]} {[%emt 00:00:07]} 4. O-O {[%clk 01:31:54]} {[%emt 00:00:06]} Nf6
{[%clk 01:32:09]} {[%emt 00:00:05]} 5. d3 {[%clk 01:32:21]} {[%emt 00:00:04]}
d6 {[%clk 01:31:46]} {[%emt 00:00:53]} 6. c3 {[%clk 01:32:45]} {[%emt
00:00:05]} a6 {[%clk 01:32:01]} {[%emt 00:00:15]} 7. a4 {[%clk 01:33:09]}
{[%emt 00:00:06]} Ba7 {[%clk 01:32:25]} {[%emt 00:00:07]} 8. Nbd2 {[%clk
01:33:25]} {[%emt 00:00:14]} Nh5 {[%clk 01:32:02]} {[%emt 00:00:52]} 9. Nb3
{[%clk 01:33:12]} {[%emt 00:00:43]} h6 {[%clk 01:20:28]} {[%emt 00:12:04]} 10.
Be3 {[%clk 01:28:22]} {[%emt 00:05:20]} Qf6 {[%clk 01:19:17]} {[%emt 00:01:41]}
11. Qd2 {[%clk 01:17:32]} {[%emt 00:11:20]} Be6 {[%clk 01:14:06]} {[%emt
00:05:41]} 12. Bxe6 {[%clk 01:14:32]} {[%emt 00:03:30]} Qxe6 {[%clk 01:13:43]}
{[%emt 00:00:53]} 13. Qc2 {[%clk 01:14:33]} {[%emt 00:00:29]} O-O {[%clk
01:02:02]} {[%emt 00:12:11]} 14. d4 {[%clk 01:11:22]} {[%emt 00:03:41]} Qg4
{[%clk 00:53:27]} {[%emt 00:09:05]} 15. h3 {[%clk 01:06:36]} {[%emt 00:05:17]}
Qg6 {[%clk 00:53:45]} {[%emt 00:00:12]} 16. Rfe1 {[%clk 00:59:21]} {[%emt
00:07:45]} Rfe8 {[%clk 00:49:29]} {[%emt 00:04:46]} 17. Nh4 {[%clk 00:47:16]}
{[%emt 00:12:35]} Qf6 {[%clk 00:49:54]} {[%emt 00:00:05]} 18. Nf3 {[%clk
00:38:56]} {[%emt 00:08:49]} Nf4 {[%clk 00:38:43]} {[%emt 00:11:41]} 19. Kh2
{[%clk 00:38:15]} {[%emt 00:01:10]} exd4 {[%clk 00:22:53]} {[%emt 00:16:22]} 20.
Nbxd4 {[%clk 00:35:19]} {[%emt 00:03:25]} Ne5 {[%clk 00:23:04]} 21. Nxe5 {[%clk
00:29:14]} {[%emt 00:06:54]} dxe5 {[%clk 00:20:55]} {[%emt 00:02:40]} 22. Nf5
{[%clk 00:29:20]} {[%emt 00:00:23]} Bxe3 {[%clk 00:20:33]} {[%emt 00:00:52]} 23.
Nxe3 {[%clk 00:29:23]} {[%emt 00:00:27]} Rad8 {[%clk 00:20:00]} {[%emt
00:01:04]} 24. Rad1 {[%clk 00:27:31]} {[%emt 00:02:21]} Qc6 {[%clk 00:18:03]}
{[%emt 00:02:28]} 25. b4 {[%clk 00:22:34]} {[%emt 00:05:26]} Kf8 {[%clk
00:16:16]} {[%emt 00:02:17]} 26. g3 {[%clk 00:20:20]} {[%emt 00:02:44]} Ng6
{[%clk 00:16:15]} {[%emt 00:00:31]} 27. a5 {[%clk 00:20:28]} {[%emt 00:00:22]}
Ne7 {[%clk 00:15:41]} {[%emt 00:01:05]} 28. h4 {[%clk 00:18:53]} {[%emt
00:02:05]} Nc8 {[%clk 00:15:45]} {[%emt 00:00:26]} 29. Rd5 {[%clk 00:19:00]}
{[%emt 00:00:22]} Qg6 {[%clk 00:06:58]} {[%emt 00:09:17]} 30. Red1 {[%clk
00:17:17]} {[%emt 00:02:13]} Rxd5 {[%clk 00:07:20]} {[%emt 00:00:09]} 31. Nxd5
{[%clk 00:16:55]} {[%emt 00:00:51]} Qc6 {[%clk 00:05:42]} {[%emt 00:02:08]} 32.
Qd3 {[%clk 00:15:32]} {[%emt 00:01:53]} Rd8 {[%clk 00:05:38]} {[%emt 00:00:34]}
33. c4 {[%clk 00:15:49]} {[%emt 00:00:13]} f6 {[%clk 00:01:09]} {[%emt
00:05:00]} 34. Qe2 {[%clk 00:13:27]} {[%emt 00:02:51]} Nd6 {[%clk 00:01:23]}
{[%emt 00:00:16]} 35. Rc1 {[%clk 00:11:19]} {[%emt 00:02:38]} Qd7 {[%clk
00:01:44]} {[%emt 00:00:10]} 36. Kg2 {[%clk 00:11:03]} {[%emt 00:00:46]} c6
{[%clk 00:02:00]} {[%emt 00:00:15]} 37. Nb6 {[%clk 00:10:55]} {[%emt 00:00:37]}
Qe8 {[%clk 00:01:38]} {[%emt 00:00:51]} 38. Rd1 {[%clk 00:10:28]} {[%emt
00:00:57]} Nf7 {[%clk 00:01:16]} {[%emt 00:00:53]} 39. Na4 {[%clk 00:07:01]}
{[%emt 00:03:56]} Qe7 {[%clk 00:01:21]} {[%emt 00:00:25]} 40. Nc5 {[%clk
00:06:18]} {[%emt 00:01:12]} Rxd1 {[%clk 00:01:25]} {[%emt 00:00:27]} 41. Qxd1
{[%clk 00:06:42]} {[%emt 00:00:07]} Nd6 {[%clk 00:01:14]} {[%emt 00:00:40]} 42.
Qg4 {[%clk 00:04:04]} {[%emt 00:03:06]} Kf7 {[%clk 00:27:26]} {[%emt 00:04:21]}
43. Qe2 {[%clk 00:33:42]} {[%emt 00:00:51]} Kg8 {[%clk 00:26:29]} {[%emt
00:01:28]} 44. Qd3 {[%clk 00:29:07]} {[%emt 00:05:04]} Kf8 {[%clk 00:25:53]}
{[%emt 00:01:06]} 45. h5 {[%clk 00:29:21]} {[%emt 00:00:16]} Ke8 {[%clk
00:25:32]} {[%emt 00:00:50]} 46. Kf1 {[%clk 00:27:46]} {[%emt 00:02:06]} Nf7
{[%clk 00:25:25]} {[%emt 00:00:37]} 47. Qe2 {[%clk 00:25:56]} {[%emt 00:02:21]}
Nd6 {[%clk 00:25:40]} {[%emt 00:00:15]} 48. Qd3 {[%clk 00:20:27]} {[%emt
00:05:58]} Nf7 {[%clk 00:25:56]} {[%emt 00:00:15]} 49. Kg2 {[%clk 00:20:09]}
{[%emt 00:00:47]} Nd8 {[%clk 00:24:58]} {[%emt 00:01:29]} 50. Qe2 {[%clk
00:12:57]} {[%emt 00:07:41]} Ne6 {[%clk 00:20:20]} {[%emt 00:05:08]} 51. Qg4
{[%clk 00:11:08]} {[%emt 00:02:19]} Nxc5 {[%clk 00:18:43]} {[%emt 00:02:07]} 52.
Qc8+ {[%clk 00:11:01]} {[%emt 00:00:37]} Qd8 {[%clk 00:07:43]} {[%emt
00:11:31]} 53. Qxd8+ {[%clk 00:11:21]} {[%emt 00:00:09]} Kxd8 {[%clk 00:08:12]}
{[%emt 00:00:02]} 54. bxc5 {[%clk 00:11:41]} {[%emt 00:00:09]} Ke7 {[%clk
00:08:34]} {[%emt 00:00:08]} 55. Kh3 {[%clk 00:12:04]} {[%emt 00:00:07]} Kf7
{[%clk 00:08:52]} {[%emt 00:00:12]} 56. Kh4 {[%clk 00:11:54]} {[%emt 00:00:41]}
Ke7 {[%clk 00:03:52]} {[%emt 00:05:30]} 57. Kh3 {[%clk 00:07:27]} {[%emt
00:04:56]} Kf7 {[%clk 00:04:07]} {[%emt 00:00:15]} 58. Kh4 {[%clk 00:05:48]}
{[%emt 00:02:09]} Ke7 {[%clk 00:04:00]} {[%emt 00:00:38]} 59. Kh3 {[%clk
00:04:16]} {[%emt 00:02:01]} 1/2-1/2